01026 2200229 4500001002100000005001500021035002000036008004100056020000800097041000800105082001700113084002100130100006800151245010800219260003800327300002800365500001900393520029700412650003900709990002400748990002400772INLIS00000000000241120221101031537 a0010-0520002411221101 | | ind  a562 aind a344.010.0598 a344.010.0598 PEM0 aPemahaman Pasal-Pasal Utama UU Ketenagakerjaan (UU No. 13/2003)1 aPemahaman Pasal-Pasal Utama UU Ketenagakerjaan (UU No. 13/2003) /cDepartemen Tenaga Kerja Transmigrasi aJakarta :bClarendon Press,c2003 a35 hal ; 21 cm ;c21 cm aIndeks : Index aBuku ini merupakan tafsiran atau perluasan substansi pasal-pasal dalam Undang-Undang Nomor 13 Tahun 2003. Melalui buku ini diharapkan dapat diatasi perbedaan pemahaman isi Undang-Undang ini, sehingga dalam penerapannya dapat dieliminir kerancuan yang disebabkan oleh perbedaan penafsiran itu. 4aHukum Tenaga Kerja - Undang-Undang a00655/MKRI-P/I-2005 a00655/MKRI-P/I-2005